Descripción y limitaciones de los instrumentos de evaluación de la emoción expresada (Record no. 155171)

MARC details
000 -CABECERA
campo de control de longitud fija 00573nab a2200193 a 4500
005 - FECHA Y HORA DE LA ÚLTIMA TRANSACCIÓN
campo de control 20210219161327.0
008 - ELEMENTOS DE LONGITUD FIJA--INFORMACIÓN GENERAL
campo de control de longitud fija 991125s1985 mx 000 0 spa u
035 ## - NÚMERO DE CONTROL DEL SISTEMA
Número de control de sistema UPN01000183068
100 1# - ASIENTO PRINCIPAL--NOMBRE PERSONAL
Nombre de persona Becerra García, Juan Antonio
222 ## - TÍTULO CLAVE
Título clave PAPELES DEL PSICOLOGO
245 ## - MENCIÓN DE TÍTULO
Título Descripción y limitaciones de los instrumentos de evaluación de la emoción expresada
260 ## - PUBLICACIÓN, DISTRIBUCIÓN, ETC.
Lugar de publicación, distribución, etc. Madrid, España
300 ## - DESCRIPCIÓN FÍSICA
Extensión 152-158
362 0# - FECHAS DE PUBLICACIÓN Y/O DESIGNACIÓN SECUENCIAL
Fecha de publicación y/o designación secuencial 2011 Vol. 32, no. 2, mar.-ago.,
653 0# - TERMINO DE INDIZACION - NO CONTROLADO
Término no controlado EMOCION EXPRESADA
653 0# - TERMINO DE INDIZACION - NO CONTROLADO
Término no controlado AUTOINFORME
653 0# - TERMINO DE INDIZACION - NO CONTROLADO
Término no controlado FAMILIA
905 ## - TIPO DE MATERIAL
Tipo de material Articulo

No items available.